La televisión en la educación y la enseñanza./ (Registro nro. 8647)

Detalles MARC
000 -LEADER
fixed length control field 00963nam a2200181Ia 4500
005 - FECHA Y HORA DE LA ÚLTIMA TRANSACCIÓN
control field 20241213111719.0
008 - FIXED-LENGTH DATA ELEMENTS--GENERAL INFORMATION
fixed length control field 230725s9999 xx 000 0 und d
040 ## - CATALOGING SOURCE
Original cataloging agency UPAN
Transcribing agency Biblioteca San Vicente
Description conventions RCAA2
041 ## - LANGUAGE CODE
Language code of text/sound track or separate title spa
082 ## - DEWEY DECIMAL CLASSIFICATION NUMBER
Classification number 371.335 8
Item number K678i
año de publicación 1969
100 ## - MAIN ENTRY--PERSONAL NAME
Personal name D.A. de Korte
Relator code aut.
245 #0 - TITLE STATEMENT
Title La televisión en la educación y la enseñanza./
Remainder of title D.A. de Korte
260 ## - PUBLICATION, DISTRIBUTION, ETC. (IMPRINT)
Place of publication, distribution, etc España:
Name of publisher, distributor, etc Paraninfo,
Date of publication, distribution, etc 1996
300 ## - PHYSICAL DESCRIPTION
Extent 245 p.;
Dimensions 22 cm.
505 ## - FORMATTED CONTENTS NOTE
Formatted contents note 1. El concepto audiovisual: Discusión. <br/>2. Televisión: ¿Amigo o Enemigo?. <br/>3. Televisión: Historia y Equipo. <br/>4. La televisión en educación y enseñanza. <br/>5. La ETV en Inglaterra. <br/>6. Diapositivas y televisión. <br/>7. Proyección de películas y televisión. <br/>8. Las maquinas de enseñanza y la televisión. <br/>9. Producción de emisiones de televisión escolar en circuito cerrado. <br/>10. Resumen y perspectiva.
650 ## - SUBJECT ADDED ENTRY--TOPICAL TERM
Source of heading or term LEMB
Form subdivision Medios de Comunicación
General subdivision Educación
942 ## - ADDED ENTRY ELEMENTS (KOHA)
Koha item type Libros
Source of classification or shelving scheme Dewey Decimal Classification
Existencias
Withdrawn status Lost status Source of classification or shelving scheme Damaged status Not for loan Collection code Home library Current library Date acquired Total Checkouts Full call number Barcode Date last seen Price effective from Koha item type
    Dewey Decimal Classification     Colección General Biblioteca UPAN San Vicente Biblioteca UPAN San Vicente 25/07/2023   371.335 8 K678i 12001356 25/07/2023 25/07/2023 Libros